00475nam a22001697a 450000500170000001000150001702000260003203500140005803700130007208200110008510000170009624500740011326000390018727000510022630000220027750000060029920171031141010.0 aENG-121112 a9788188965847c375.00 aEN-104644 bDBAD/PUB a915.81 aAnand, Anita aKabul blogs :bmy days in the life of afghanistan /c by Anita Anand aNew Delhi bWomen Unlimited c2016 a7/10,FF, sarvapriya Vihar bNew Delhi e110016 a226p.:c22cm(pbk) a